000 00533nam a2200145 a 4500
008 120416s0000 ||||||||||||||||| || u
020 _a0192620231
050 _aRD 98.3 Inf
100 _aTaylor, Eric W
245 1 0 _aInfection in surgical practice
_cedited by Eric W. Taylor
260 _aOxford
_bOUP
_c1992
300 _axiv, 318p. : ill.
350 _a0.00
995 _D0.00
_FCBU-MAIN LIBRARY (Kitwe)
_H1
_I60.00
_M1
_UAVAILABLE
_WApr 20, 2007
_ZMain Library Open Access Collection
999 _c46803
_d46803